000 00264nam a22001097a 4500
082 _a900
100 _a Thurston Edgar
_980028
245 _aOmens and Superstitions of Southern India
260 _aDelhi
_bShilpy Pra
_c2019
650 _aHistory
_980029
942 _cBK
999 _c63532
_d63532